Gaming Quiz

Random Gaming Quiz

Backyard Sports AI Players Quiz Stats

 Plays Quiz not verified by Sporcle

Support Sporcle.
Go Orange.
Score 0/50 Timer 05:00
0 Plays Today
First Names Last Names % Correct
ChicoPapas
76.3%
WingKwan
74.6%
StarMoonbeam
67.8%
ArtiePimbleton
50.8%
PetraChekov
45.8%
ZenonEstrada
45.8%
PacoKaufman
44.1%
LenaNg
40.7%
FrancisBlewer
39%
LeahWayne
39%
JayGreen
37.3%
ZenaFromme
35.6%
MickeyO'Connor
33.9%
RayTran
33.9%
OlgaTollefson
33.9%
VicSoufle
32.2%
KrissyMulligan
32.2%
LaraNunez
30.5%
TanyaUchida
30.5%
JackJoseph
28.8%
FrankyHolly
28.8%
SerenaDamonte
28.8%
JordanThorner
28.8%
TimmyUnger
27.1%
DebbyNagasawa
27.1%
First Names Last Names % Correct
TiffanyBosworth
25.4%
LizKinghorn
25.4%
CarlosOcampo
25.4%
HollyFranklin
23.7%
VeronicaLee
23.7%
ShaneSmith
22%
HannahPeavy
22%
BobbyBulgrien
22%
RobbyBocko
22%
DavyMarian
22%
HeatherQuinn
20.3%
ClariceRied
20.3%
OmarStephano
20.3%
FernandoDiaz
20.3%
SheilaBasanti
20.3%
JulieDunkel
20.3%
GailWeinman
20.3%
JimKiley
20.3%
KarenDonato
18.6%
MaryReilly
18.6%
JudyAbwunza
18.6%
FelixGrant
16.9%
AmyBostwick
16.9%
LindaPotter
13.6%
TinaHerarra
11.9%

You're not logged in!

Compare scores with friends on all Sporcle quizzes.
OR
Log In

From the Vault

Emirates of the UAE

by Derek

There is nothing like some really obscure Middle Eastern trivia to get those juices flowing. Can you name the 7 emirates of the UAE?
Remove Ads.
Support Sporcle.
Get the best of Sporcle when you Go Orange. This ad-free experience offers more features, more stats, and more fun while also helping to support Sporcle. Thank you for becoming a member.

Show Comments

Extras

Top Quizzes Today


Score Distribution

Your Account Isn't Verified!

In order to create a playlist on Sporcle, you need to verify the email address you used during registration. Go to your Sporcle Settings to finish the process.

Report this User

Report this user for behavior that violates our Community Guidelines.

Details: